[Event "Vlissingen HZ op 14th"]
[Site "Vlissingen"]
[Date "2010.08.13"]
[Round "8"]
[White "Lukas, Manfred"]
[Black "Tan, Matthew"]
[Result "0-1"]
[WhiteElo "2035"]
[BlackElo "2381"]
[PlyCount "38"]
[EventDate "2010.08.07"]
[EventType "swiss"]
[EventRounds "9"]
[EventCountry "NED"]
[SourceTitle "CBM 137 Extra"]
[Source "ChessBase"]
[SourceDate "2010.09.01"]
[SourceVersion "1"]
[SourceVersionDate "2010.09.01"]
[SourceQuality "1"]

1. e4 c5 2. Nf3 e6 3. d4 cxd4 4. Nxd4 Nf6 5. Nc3 Qb6 6. Nb3 Bb4 7. Bd3 Bxc3+ 8. bxc3 d6 9. 0-0 0-0 10. Be3 Qc7 11. f4 Nc6 12. Nd4 e5 13. Nxc6 Qxc6 14. f5 Nxe4 15. f6 Nxf6 16. Rxf6 gxf6 17. Qh5 e4 18. Bd4 Re8 19. Bb5 Re5 0-1

[Event "Vlissingen HZ op 14th"]
[Site "Vlissingen"]
[Date "2010.08.11"]
[Round "6"]
[White "Lukas, Manfred"]
[Black "Ten Hagen, Yorick"]
[Result "1/2-1/2"]
[WhiteElo "2035"]
[BlackElo "2227"]
[PlyCount "40"]
[EventDate "2010.08.07"]
[EventType "swiss"]
[EventRounds "9"]
[EventCountry "NED"]
[SourceTitle "CBM 137 Extra"]
[Source "ChessBase"]
[SourceDate "2010.09.01"]
[SourceVersion "1"]
[SourceVersionDate "2010.09.01"]
[SourceQuality "1"]

1. e4 c5 2. Nf3 d6 3. d4 cxd4 4. Nxd4 Nf6 5. Nc3 a6 6. g3 e6 7. Bg2 Bd7 8. 0-0 Nc6 9. Nde2 Be7 10. h3 Rc8 11. Nf4 Ne5 12. Nd3 b5 13. a4 0-0 14. axb5 axb5 15. Na2 Qc7 16. c3 Bc6 17. Re1 Bb7 18. Qe2 Nxd3 19. Qxd3 Ra8 20. Bg5 d5 1/2-1/2

[Event "Vlissingen HZ op 10th"]
[Site "Vlissingen"]
[Date "2006.08.09"]
[Round "6"]
[White "Floor, Dirk"]
[Black "Lukas, Manfred"]
[Result "1/2-1/2"]
[WhiteElo "2219"]
[BlackElo "2069"]
[PlyCount "139"]
[EventDate "2006.08.05"]
[EventType "swiss"]
[EventRounds "9"]
[EventCountry "NED"]
[SourceTitle "CBM 113 Extra"]
[Source "ChessBase"]
[SourceDate "2006.09.14"]
[SourceVersion "1"]
[SourceVersionDate "2006.09.14"]
[SourceQuality "1"]

1. d4 Nf6 2. c4 e5 3. dxe5 Ng4 4. Nf3 Nc6 5. Nc3 Ngxe5 6. Nxe5 Nxe5 7. e4 Bc5 8. Be2 d6 9. a3 a5 10. Rb1 0-0 11. b4 Ba7 12. Nb5 Bb6 13. c5 dxc5 14. Qxd8 Rxd8 15. bxc5 Bxc5 16. Nxc7 Ra7 17. 0-0 b6 18. Nb5 Rad7 19. Bf4 f6 20. Bxe5 fxe5 21. Bc4+ Kh8 22. Bd5 Ba6 23. g3 Bxb5 24. Rxb5 Rc7 25. Rb2 Bd4 26. Rd2 Rc3 27. a4 Rdc8 28. Be6 R8c6 29. Bd7 Rc7 30. Bb5 Rc2 31. Rfd1 Rc1 32. Rxc1 Rxc1+ 33. Kg2 Rb1 34. Rc2 Bc5 35. f4 Re1 36. Bc6 Bd4 37. Bd5 g6 38. Rc8+ Kg7 39. Rc7+ Kh8 40. Rc8+ Kg7 41. Rc7+ Kh8 42. Re7 Re2+ 43. Kf3 Rxh2 44. fxe5 Rf2+ 45. Kg4 Rf8 46. e6 h5+ 47. Kh3 Bc5 48. Rc7 Re8 49. g4 hxg4+ 50. Kxg4 Re7 51. Rc8+ Kg7 52. Kf4 Bd6+ 53. e5 Bc5 54. Ke4 Kh6 55. Bc4 Kg7 56. Kd5 Ra7 57. Bd3 Re7 58. Rd8 Kh7 59. Bb5 Kg7 60. Be8 g5 61. Bf7 Kh6 62. Ke4 Rc7 63. Kf5 Be7 64. Rh8+ Kg7 65. Ra8 Kh6 66. Ke4 Rc1 67. Re8 Rc7 68. Rh8+ Kg7 69. Rg8+ Kh6 70. Rh8+ 1/2-1/2

[Event "Cogas Energie op"]
[Site "Almelo"]
[Date "2004.04.09"]
[Round "4"]
[White "Lukas, Manfred"]
[Black "Cornelisse, Johnny JA"]
[Result "0-1"]
[WhiteElo "2082"]
[BlackElo "2118"]
[PlyCount "126"]
[EventDate "2004.04.08"]
[EventType "swiss"]
[EventRounds "6"]
[EventCountry "NED"]
[SourceTitle "CBM 099 Extra"]
[Source "ChessBase"]
[SourceDate "2004.05.04"]
[SourceVersion "1"]
[SourceVersionDate "2004.05.04"]
[SourceQuality "1"]

1. e4 d6 2. Nc3 g6 3. g3 Bg7 4. Bg2 e5 5. d3 Nc6 6. Be3 Nge7 7. Nge2 Bg4 8. f3 Be6 9. d4 d5 10. f4 exf4 11. Nxf4 dxe4 12. Nxe6 fxe6 13. Nxe4 Nf5 14. Bg5 Qxd4 15. Qxd4 Bxd4 16. c3 Be3 17. Bf6 0-0 18. Ke2 Bb6 19. Rad1 Nd6 20. Nxd6 cxd6 21. Rhf1 d5 22. Bh3 Rae8 23. Kd3 Bd8 24. Bd4 Bg5 25. Rxf8+ Kxf8 26. Bc5+ Kg7 27. Re1 e5 28. Bd7 e4+ 29. Ke2 Rd8 30. Bxc6 bxc6 31. Bxa7 Ra8 32. Bd4+ Bf6 33. Ra1 Bxd4 34. cxd4 Kf7 35. a3 Ke7 36. b4 Kd6 37. a4 Kc7 38. Ra3 Kb6 39. Ra1 Rf8 40. Rf1 Ra8 41. Ra1 Ra7 42. Ra3 Rf7 43. Rc3 Ra7 44. Ra3 h5 45. Ra1 g5 46. Ra2 g4 47. Ra3 Rh7 48. Kf2 h4 49. gxh4 Rxh4 50. Kg2 Rh8 51. Rc3 Ra8 52. Ra3 Ra7 53. Kg3 e3 54. Kxg4 e2 55. Re3 Rxa4 56. Rxe2 Rxb4 57. Rd2 c5 58. Kf5 cxd4 59. Ke5 Kc5 60. Rd1 Rb3 61. Rd2 Re3+ 62. Kf4 Re4+ 63. Kg5 Kc4 0-1

[Event "Muensterland Verbandsklasse-A 0304"]
[Site "Germany"]
[Date "2004.01.17"]
[Round "5.6"]
[White "Lukas, Manfred"]
[Black "Sicking, Norbert"]
[Result "1-0"]
[WhiteElo "1987"]
[BlackElo "1773"]
[PlyCount "81"]
[EventDate "2003.09.20"]
[EventType "team"]
[EventRounds "9"]
[EventCountry "GER"]
[SourceTitle "EXT 2005"]
[Source "ChessBase"]
[SourceDate "2004.11.15"]
[SourceVersion "1"]
[SourceVersionDate "2004.11.15"]
[SourceQuality "1"]
[WhiteTeam "Emsdetten Turm III"]
[BlackTeam "Heiden II"]
[WhiteTeamCountry "GER"]
[BlackTeamCountry "GER"]

1. e4 d6 2. Nc3 g6 3. g3 Bg7 4. Bg2 c5 5. h3 Nc6 6. Nf3 Nf6 7. 0-0 0-0 8. Re1 e5 9. d3 Nd7 10. Ne2 Nb6 11. c3 Rb8 12. Be3 Bd7 13. Rc1 Qc8 14. Kh2 Ne7 15. b4 Na8 16. bxc5 dxc5 17. d4 exd4 18. cxd4 c4 19. Bf4 b5 20. d5 Rb6 21. e5 a5 22. Nfd4 b4 23. d6 Nf5 24. Bxa8 Qxa8 25. Rxc4 a4 26. Rc7 Qd8 27. Nxf5 Bxf5 28. Qxa4 g5 29. Qa7 Rb8 30. Nd4 gxf4 31. Nxf5 fxg3+ 32. fxg3 Qg5 33. Qf2 Rfe8 34. Nxg7 Rxe5 35. Rxe5 Qxe5 36. Nf5 Ra8 37. Nh6+ Kg7 38. Qxf7+ Kxh6 39. Qxh7+ Kg5 40. Rg7+ Kf6 41. Qg6# 1-0

[Event "Muensterland Verbandsklasse-A 0304"]
[Site "Germany"]
[Date "2003.11.15"]
[Round "3.4"]
[White "Lukas, Manfred"]
[Black "Schoewer, Torsten"]
[Result "1-0"]
[WhiteElo "1987"]
[BlackElo "1884"]
[PlyCount "79"]
[EventDate "2003.09.20"]
[EventType "team"]
[EventRounds "9"]
[EventCountry "GER"]
[SourceTitle "EXT 2005"]
[Source "ChessBase"]
[SourceDate "2004.11.15"]
[SourceVersion "1"]
[SourceVersionDate "2004.11.15"]
[SourceQuality "1"]
[WhiteTeam "Emsdetten Turm III"]
[BlackTeam "Gronau"]
[WhiteTeamCountry "GER"]
[BlackTeamCountry "GER"]

1. e4 c5 2. Nc3 d6 3. Nf3 Nf6 4. d4 cxd4 5. Nxd4 e6 6. g3 Be7 7. Bg2 0-0 8. 0-0 Nc6 9. Nxc6 bxc6 10. e5 Nd5 11. exd6 Bxd6 12. Ne4 Ba6 13. Nxd6 Bxf1 14. Bxf1 Qxd6 15. c4 Qb4 16. cxd5 cxd5 17. a3 Qb7 18. b4 Rac8 19. Be3 Rfd8 20. Qa4 Rc7 21. Ba6 Qa8 22. Bf4 Re7 23. Rc1 e5 24. Bd2 d4 25. Qc6 Qb8 26. Bf1 h6 27. b5 d3 28. a4 Re6 29. Qc7 e4 30. Qxb8 Rxb8 31. Bh3 Ree8 32. Bd7 Red8 33. Bf4 Rb6 34. Bc6 a5 35. Bc7 Rxc6 36. bxc6 d2 37. Rd1 Rd4 38. Bxa5 Rxa4 39. c7 Rc4 40. Rxd2 1-0

[Event "Vlissingen HZ op 07th"]
[Site "Vlissingen"]
[Date "2003.08.06"]
[Round "6"]
[White "Jonkman, Harmen"]
[Black "Lukas, Manfred"]
[Result "1-0"]
[WhiteElo "2424"]
[BlackElo "2086"]
[PlyCount "23"]
[EventDate "2003.08.02"]
[EventType "swiss"]
[EventRounds "9"]
[EventCountry "NED"]
[SourceTitle "CBM 095 Extra"]
[Source "ChessBase"]
[SourceDate "2003.09.04"]
[SourceVersion "1"]
[SourceVersionDate "2003.09.04"]
[SourceQuality "1"]

1. e4 c5 2. c3 Nf6 3. e5 Nd5 4. Nf3 Nc6 5. Bc4 Nb6 6. Bb3 e6 7. d4 cxd4 8. cxd4 d6 9. Qe2 Be7 10. 0-0 Nd7 11. exd6 Bxd6 12. d5 1-0

[Event "Vlissingen HZ op 07th"]
[Site "Vlissingen"]
[Date "2003.08.03"]
[Round "2"]
[White "Zaragatski, Ilja"]
[Black "Lukas, Manfred"]
[Result "1-0"]
[WhiteElo "2329"]
[BlackElo "2086"]
[PlyCount "79"]
[EventDate "2003.08.02"]
[EventType "swiss"]
[EventRounds "9"]
[EventCountry "NED"]
[SourceTitle "CBM 095 Extra"]
[Source "ChessBase"]
[SourceDate "2003.09.04"]
[SourceVersion "1"]
[SourceVersionDate "2003.09.04"]
[SourceQuality "1"]

1. e4 c5 2. Nf3 d6 3. d4 cxd4 4. Nxd4 Nf6 5. Nc3 g6 6. Bc4 Bg7 7. 0-0 0-0 8. Re1 Nc6 9. Nb3 Na5 10. Bf1 Be6 11. Nd5 Re8 12. c3 Rc8 13. g3 Nc4 14. Bg2 b5 15. a4 a6 16. axb5 axb5 17. Nd4 Bd7 18. Nc2 Nxd5 19. exd5 Ra8 20. Rb1 Bf5 21. g4 Bxc2 22. Qxc2 Qd7 23. h3 Ra2 24. Qb3 Rea8 25. Bf1 R2a4 26. f3 Qb7 27. Rd1 Bf6 28. Bxc4 Rxc4 29. Be3 Rca4 30. Kg2 Be5 31. Bg5 Kg7 32. Re1 Rc4 33. Rbd1 h6 34. Bh4 g5 35. Bf2 f6 36. Re4 Rxe4 37. fxe4 Ra4 38. Kf3 e6 39. Qc2 exd5 40. Rxd5 1-0

[Event "Wichern op 6th"]
[Site "Hamburg"]
[Date "2001.10.17"]
[Round "5.42"]
[White "Lukas, Manfred"]
[Black "Colpe, Helge"]
[Result "0-1"]
[WhiteElo "2094"]
[BlackElo "1903"]
[PlyCount "84"]
[EventDate "2001.10.21"]
[EventType "swiss"]
[EventRounds "9"]
[EventCountry "GER"]
[SourceTitle "EXT 2002"]
[Source "ChessBase"]
[SourceDate "2001.11.25"]
[SourceVersion "1"]
[SourceVersionDate "2001.11.25"]
[SourceQuality "1"]

1. e4 e5 2. Nf3 Nc6 3. Bb5 Nf6 4. 0-0 Nxe4 5. d4 Nd6 6. Bxc6 dxc6 7. dxe5 Nf5 8. Qxd8+ Kxd8 9. Rd1+ Ke8 10. Nbd2 h6 11. Nc4 a5 12. a4 Bc5 13. Bd2 b6 14. Bc3 Be6 15. b3 Rd8 16. Nb2 Be7 17. Rxd8+ Kxd8 18. Kf1 c5 19. Ke2 Kc8 20. Rd1 Rd8 21. Rxd8+ Kxd8 22. Nc4 g5 23. Ne3 h5 24. Nxf5 Bxf5 25. Ne1 Be6 26. Kd3 Kd7 27. Bd2 Bf5+ 28. Kc4 Kc6 29. Nf3 g4 30. Ng5 Bxg5 31. Bxg5 Bxc2 32. Bd8 Be4 33. g3 Bd5+ 34. Kc3 Kd7 35. Bg5 c6 36. Bf6 b5 37. Bg5 c4 38. bxc4 Bxc4 39. Kd4 Be2 40. Bd2 b4 41. Kc5 Kc7 42. Be1 Bd1 0-1

[Event "Vlissingen HZ op 04th"]
[Site "Vlissingen"]
[Date "2000.08.01"]
[Round "5"]
[White "Van den Berg, Ad"]
[Black "Lukas, Manfred"]
[Result "1-0"]
[WhiteElo "2217"]
[BlackElo "2100"]
[PlyCount "31"]
[EventDate "2000.07.29"]
[EventType "swiss"]
[EventRounds "9"]
[EventCountry "NED"]
[SourceTitle "CBM 077 Extra"]
[Source "ChessBase"]
[SourceDate "2000.09.14"]
[SourceVersion "1"]
[SourceVersionDate "2000.09.14"]
[SourceQuality "1"]

1. e4 c5 2. Nc3 Nc6 3. Nge2 g6 4. d4 cxd4 5. Nxd4 Bg7 6. Be3 d6 7. Bc4 Nf6 8. f3 0-0 9. Qe2 Na5 10. Bd3 e5 11. Nb3 Be6 12. 0-0-0 d5 13. exd5 Nxd5 14. Nxd5 Nxb3+ 15. axb3 Qxd5 16. Bb5 1-0

[Event "Leipzig VfB op 05th"]
[Site "Leipzig"]
[Date "1998.??.??"]
[Round "6"]
[White "Broberg, Horst"]
[Black "Lukas, Manfred"]
[Result "1-0"]
[WhiteElo "2180"]
[BlackElo "2125"]
[PlyCount "79"]
[EventDate "1998.03.??"]
[EventType "swiss"]
[EventRounds "9"]
[EventCountry "GER"]
[SourceTitle "EXT 1999"]
[Source "ChessBase"]
[SourceDate "1998.11.16"]
[SourceVersion "1"]
[SourceVersionDate "1998.11.16"]
[SourceQuality "1"]

1. e4 c5 2. Nf3 d6 3. d4 cxd4 4. Qxd4 Nc6 5. Bb5 Bd7 6. Bxc6 Bxc6 7. Nc3 Nf6 8. Bg5 e5 9. Qd3 Be7 10. 0-0-0 Qb6 11. Bxf6 Bxf6 12. Nd5 Bxd5 13. Qxd5 0-0 14. Rd2 Rfd8 15. Rhd1 Rac8 16. Kb1 Rc5 17. Qd3 Be7 18. Qe3 Rdc8 19. c3 h6 20. Rd3 Qa6 21. b3 b5 22. h4 Qb7 23. g3 R5c6 24. Ne1 Bf8 25. Nc2 a5 26. Qe1 b4 27. c4 g6 28. Rd5 Ra8 29. Rb5 Rb6 30. Rdd5 Rxb5 31. Rxb5 Qc8 32. Ne3 Qh3 33. Qd1 Ra7 34. Rb8 Kg7 35. Kb2 Qh2 36. Qd2 h5 37. Qe1 Ra6 38. Rb7 Kg8 39. Qe2 Ra8 40. Qf3 1-0

[Event "Leipzig VfB op 05th"]
[Site "Leipzig"]
[Date "1998.??.??"]
[Round "4"]
[White "Wagner, Bernd"]
[Black "Lukas, Manfred"]
[Result "1-0"]
[WhiteElo "2220"]
[BlackElo "2125"]
[PlyCount "51"]
[EventDate "1998.03.??"]
[EventType "swiss"]
[EventRounds "9"]
[EventCountry "GER"]
[SourceTitle "EXT 1999"]
[Source "ChessBase"]
[SourceDate "1998.11.16"]
[SourceVersion "1"]
[SourceVersionDate "1998.11.16"]
[SourceQuality "1"]

1. d4 Nf6 2. c4 e5 3. dxe5 Ng4 4. Nf3 Bc5 5. e3 Nc6 6. Nc3 0-0 7. Be2 Ngxe5 8. 0-0 d6 9. a3 a5 10. b3 Nxf3+ 11. Bxf3 Ne5 12. Bb2 Kh8 13. Be4 f5 14. Bc2 Qh4 15. Nd5 c6 16. Nf4 Ng4 17. Nh3 f4 18. b4 Nxe3 19. fxe3 Bxe3+ 20. Nf2 Bg4 21. Qd3 Rf5 22. Qc3 Rg5 23. Bd1 Bxd1 24. Raxd1 Rxg2+ 25. Kxg2 Qg5+ 26. Kh1 1-0

[Event "Seefeld op 08th"]
[Site "Seefeld"]
[Date "1997.??.??"]
[Round "?"]
[White "Lukas, Manfred"]
[Black "Lawitsch, Guenther"]
[Result "0-1"]
[WhiteElo "2120"]
[BlackElo "2300"]
[PlyCount "64"]
[EventDate "1997.09.??"]
[EventType "swiss"]
[EventRounds "9"]
[EventCountry "AUT"]
[SourceTitle "EXT 2000"]
[Source "ChessBase"]
[SourceDate "1999.11.16"]
[SourceVersion "1"]
[SourceVersionDate "1999.11.16"]
[SourceQuality "1"]

1. e4 e5 2. Nf3 Nf6 3. Nxe5 d6 4. Nf3 Nxe4 5. Nc3 Nxc3 6. dxc3 Be7 7. Be3 Nc6 8. Qd2 Ne5 9. 0-0-0 0-0 10. Bd4 Nxf3 11. gxf3 c5 12. Be3 Be6 13. c4 Bf6 14. Rg1 Qb6 15. b3 Qa6 16. a4 Qc6 17. Bg2 Rfd8 18. Bg5 Bxg5 19. Qxg5 f6 20. Qg3 Qc7 21. f4 a6 22. Be4 Kh8 23. Qh4 Bg8 24. Rg6 Rd7 25. Rdg1 Re8 26. Bd3 b5 27. cxb5 c4 28. bxc4 axb5 29. cxb5 Rde7 30. R6g3 Qc3 31. Rd1 Re1 32. Qg4 Rxd1+ 0-1